000 00731nam a22002297a 4500
999 _c385700
_d385700
001 99165
003 UA-OsUOA
005 20200213165513.0
007 ta
008 20130424b un ||||| |||| 00| 0 ukr d
040 _aUA-OsUOA
_brus
_cUA-OsUOA
_dUA-OsUOA
041 _arus
080 _a821.161.1
090 _a821.161.1
_bР62
100 _aРождественский Р.
245 _aИзбранные произведения в двух томах: стихотворения, поэмы, песни
_n2
260 _aМ.
_bХудожественная литература
_c1979
300 _a472 с.
650 7 _a82 Література. Літературознавство
_2UDC
942 _cBK
_2udc
955 _a3